| 000 | 01937cam a2200445 i 4500 | ||
|---|---|---|---|
| 001 | 43738 | ||
| 003 | KOSZ 005 | ||
| 005 | 20210730113852.0 | ||
| 008 | 030508s2003 pl a f f |001 0 pol | ||
| 015 | _aPB 2003/9803 | ||
| 020 | _a8321342655 | ||
| 040 |
_aWA N _cWA N _dKOSZ 005/HR |
||
| 041 | 1 |
_apol _hger |
|
| 046 | _k2000 | ||
| 080 | _a72.02 | ||
| 080 | _a(075.8) | ||
| 100 | 1 |
_aNeufert, Ernst _d(1900-1986) _eAutor |
|
| 245 | 1 | 0 |
_aPodręcznik projektowania architektoniczno-budowlanego : _bpodstawy, normy, przepisy dotyczące planowania, budowy, kształtowania architektonicznego, potrzebnych przestrzeni i związków między nimi, wymiarów budynków i pomieszczeń : książka dla architektów i inżynierów budowlanych, inwestorów, wykładowców i studentów / _cErnst Neufert ; kontynuacja Peter Neufert i Ludwig Neff oraz Planungs AG Neufert Mittmann Graf Partner ; tł. z niem. Stanisław Gawroński [et al.]. |
| 246 | 1 |
_iTyt. oryg.: _aBauentwurfslehre, _f2000. |
|
| 250 | _a3 wyd. pol., rozsz. i gruntownie zm. | ||
| 260 |
_aWarszawa : _b"Arkady", _c2003. |
||
| 300 |
_aXVI, 646, [1] s. : _bil., mapy ; _c30 cm. |
||
| 380 | _aKsiążki | ||
| 380 | _aPublikacje fachowe | ||
| 388 | _a1901-2000 | ||
| 504 | _aBibliogr. Indeks. | ||
| 521 | 8 | _aDla studentów wydz. architektury i budownictwa. | |
| 650 | 4 | _aProjektowanie architektoniczne | |
| 650 | 4 | _aBudownictwo | |
| 655 | 4 | _aPodręczniki akademickie | |
| 655 | 4 | _aProjekt architektoniczny | |
| 655 | 4 | _aProjekt budowlany | |
| 658 | _aArchitektura i budownictwo | ||
| 700 | 1 |
_aGawroński, Stanisław _d(ca 1930-2014) _eTłumaczenie |
|
| 700 | 1 |
_aNeufert, Peter _eAutor |
|
| 710 | 2 |
_aWydawnictwo Arkady _4pbl. |
|
| 700 | 1 |
_aNeff, Ludwig _eAutor |
|
| 856 |
_uhttp://koha.tu.koszalin.pl/cgi-bin/koha/opac-detail.pl?biblionumber=43768 _yKatalog online BPK |
||
| 942 |
_2UKD _cKS |
||
| 999 |
_c43768 _d43768 |
||